[Event "Mollet del Valles op 4th"]
[Site "Mollet del Valles"]
[Date "2016.11.04"]
[Round "6"]
[White "Vicente Bessen, Kirian"]
[Black "Mas Recorda, Pere"]
[Result "1/2-1/2"]
[WhiteElo "1766"]
[BlackElo "2027"]
[PlyCount "46"]
[EventDate "2016.09.30"]
[EventType "swiss"]
[EventRounds "9"]
[EventCountry "ESP"]
[SourceTitle "EXT 2018"]
[Source "ChessBase"]
[SourceDate "2017.10.13"]
[SourceVersion "1"]
[SourceVersionDate "2017.10.13"]
[SourceQuality "1"]

1. e4 e6 2. d4 d5 3. exd5 exd5 4. Nf3 Bd6 5. Bd3 Nc6 6. 0-0 Nge7 7. Re1 Bg4 8. c3 Qd7 9. Nbd2 f6 10. b4 Bf5 11. Bf1 0-0 12. Nh4 Ng6 13. Nxf5 Qxf5 14. Nf3 Rfe8 15. Be3 Nce7 16. Bd3 Qh5 17. Qc2 Nh4 18. Nxh4 Qxh4 19. g3 Qh5 20. b5 Kh8 21. a4 Rad8 22. Rad1 Nc8 23. Bd2 Nb6 1/2-1/2

[Event "Mollet del Valles op 4th"]
[Site "Mollet del Valles"]
[Date "2016.10.28"]
[Round "5"]
[White "Valldeoriola Puigdoller, Agusti"]
[Black "Vicente Bessen, Kirian"]
[Result "0-1"]
[WhiteElo "1977"]
[BlackElo "1766"]
[PlyCount "52"]
[EventDate "2016.09.30"]
[EventType "swiss"]
[EventRounds "9"]
[EventCountry "ESP"]
[SourceTitle "EXT 2018"]
[Source "ChessBase"]
[SourceDate "2017.10.13"]
[SourceVersion "1"]
[SourceVersionDate "2017.10.13"]
[SourceQuality "1"]

1. e4 e6 2. d4 d5 3. Nd2 Nf6 4. e5 Nfd7 5. Bd3 c5 6. c3 Nc6 7. Ne2 Qb6 8. Nf3 Be7 9. 0-0 f6 10. Nf4 Nd8 11. Re1 0-0 12. exf6 Nxf6 13. c4 cxd4 14. cxd5 Bb4 15. Bd2 Nxd5 16. Nxd5 exd5 17. Bxb4 Qxb4 18. Qc2 h6 19. Ne5 Rf6 20. Bh7+ Kh8 21. Ng4 Bxg4 22. Re8+ Rf8 23. Qg6 Nc6 24. Rxa8 Rxa8 25. Qxg4 Kxh7 26. Qf5+ Kh8 0-1

[Event "Mollet del Valles op 4th"]
[Site "Mollet del Valles"]
[Date "2016.10.21"]
[Round "4"]
[White "Vicente Bessen, Kirian"]
[Black "Roquet Estrada, Albert"]
[Result "1-0"]
[WhiteElo "1766"]
[BlackElo "1632"]
[PlyCount "49"]
[EventDate "2016.09.30"]
[EventType "swiss"]
[EventRounds "9"]
[EventCountry "ESP"]
[SourceTitle "EXT 2018"]
[Source "ChessBase"]
[SourceDate "2017.10.13"]
[SourceVersion "1"]
[SourceVersionDate "2017.10.13"]
[SourceQuality "1"]

1. d4 Nf6 2. Nf3 g6 3. c4 d5 4. e3 Bg7 5. Nc3 0-0 6. b3 c5 7. Bb2 Nc6 8. cxd5 Nxd5 9. Nxd5 Qxd5 10. Bc4 Qe4 11. 0-0 Bg4 12. Nd2 Bxd1 13. Nxe4 Bg4 14. Nxc5 b6 15. Nd3 Rad8 16. Rac1 Na5 17. Ba6 Bc8 18. Bxc8 Rxc8 19. Ba3 Bf6 20. Nb4 e6 21. Na6 Rfd8 22. Nc7 Rd7 23. Nb5 Nc6 24. Nd6 Rcc7 25. Ne8 1-0

[Event "Foment Martinenc op-A 18th"]
[Site "Barcelona"]
[Date "2016.04.30"]
[Round "2"]
[White "Vicente Bessen, Kirian"]
[Black "Alvarez Albiol, Victor"]
[Result "0-1"]
[WhiteElo "1753"]
[BlackElo "1967"]
[PlyCount "84"]
[EventDate "2016.04.23"]
[EventType "swiss"]
[EventRounds "9"]
[EventCountry "ESP"]
[SourceTitle "EXT 2017"]
[Source "ChessBase"]
[SourceDate "2016.10.25"]
[SourceVersion "1"]
[SourceVersionDate "2016.10.25"]
[SourceQuality "1"]

1. e4 c5 2. Nf3 Nc6 3. d4 cxd4 4. Nxd4 Nf6 5. Nc3 e6 6. f4 Bb4 7. Nxc6 bxc6 8. Bd3 d5 9. e5 Nd7 10. Bd2 Bb7 11. Qg4 g6 12. h4 h5 13. Qg3 Qe7 14. a3 Ba5 15. b4 Bb6 16. Rb1 Rc8 17. a4 a6 18. b5 axb5 19. axb5 c5 20. Na4 c4 21. Bb4 Bc5 22. Nxc5 Nxc5 23. Be2 Qd7 24. Ba3 Ne4 25. Qh3 d4 26. Bf3 Nc3 27. Bxb7 Qxb7 28. 0-0 Nxb1 29. Rxb1 Qb6 30. Kh1 Kd7 31. Qg3 Ra8 32. Bd6 Ra5 33. Qg5 Rxb5 34. Qe7+ Kc6 35. Rxb5 Qxb5 36. Qxf7 d3 37. cxd3 cxd3 38. Qxg6 Qd5 39. Qg3 Ra8 40. Qe3 Ra2 41. Qc1+ Rc2 42. Qf1 Qxg2+ 0-1

[Event "Llinars del Valles op-B 6th"]
[Site "Llinars del Valles"]
[Date "2012.04.28"]
[Round "3"]
[White "Vicente Bessen, Kirian"]
[Black "Segura Sanchez, Sergi"]
[Result "1-0"]
[WhiteElo "1721"]
[BlackElo "1521"]
[PlyCount "49"]
[EventDate "2012.04.14"]
[EventType "swiss"]
[EventRounds "9"]
[EventCountry "ESP"]
[SourceTitle "EXT 2013"]
[Source "ChessBase"]
[SourceDate "2012.11.22"]
[SourceVersion "1"]
[SourceVersionDate "2012.11.22"]
[SourceQuality "1"]

1. d4 Nf6 2. Bg5 Ne4 3. Bf4 c5 4. f3 Qa5+ 5. c3 g5 6. Bxb8 Rxb8 7. fxe4 cxd4 8. Qxd4 f6 9. Nd2 Qb6 10. Qxb6 axb6 11. Ngf3 e6 12. e5 Be7 13. exf6 Bxf6 14. Ne4 Be7 15. Nexg5 Bxg5 16. Nxg5 h6 17. Ne4 Ke7 18. 0-0-0 Ra8 19. a3 Ra5 20. Nd6 h5 21. e4 Rc5 22. Bb5 Rc7 23. Rd2 Rh7 24. Nxc8+ Rxc8 25. Rxd7+ 1-0

[Event "Mollet del Valles 80 Anniv op-B"]
[Site "Mollet del Valles"]
[Date "2011.12.04"]
[Round "1.3"]
[White "Munoz Munoz, Teresa"]
[Black "Vicente Bessen, Kirian"]
[Result "1-0"]
[WhiteElo "1856"]
[BlackElo "1702"]
[PlyCount "157"]
[EventDate "2011.12.04"]
[EventType "swiss"]
[EventRounds "8"]
[EventCountry "ESP"]
[SourceTitle "EXT 2024"]
[Source "ChessBase"]
[SourceDate "2023.10.10"]
[SourceVersion "1"]
[SourceVersionDate "2023.10.10"]
[SourceQuality "1"]

1. c4 e5 2. g3 b6 3. Bg2 Nc6 4. e3 Bb7 5. Ne2 Bc5 6. Nbc3 Nge7 7. 0-0 0-0 8. a3 a5 9. d4 exd4 10. exd4 Bd6 11. Ne4 Nf5 12. Nxd6 Nxd6 13. b3 Qe7 14. Nf4 Rae8 15. Nd5 Qd8 16. Bf4 Re6 17. c5 bxc5 18. dxc5 Ne8 19. b4 d6 20. b5 Ne5 21. c6 Bc8 22. Qa4 Nf6 23. Qxa5 Nxd5 24. Bxd5 Ree8 25. Rfd1 Bg4 26. Rdb1 Nd3 27. Be3 Re5 28. Bc4 Qe7 29. Bd4 Re4 30. Bxd3 Rxd4 31. Bf1 Rd5 32. Re1 Qd8 33. Re3 Re5 34. Rxe5 dxe5 35. Qc3 Qd5 36. Re1 Re8 37. f4 e4 38. a4 Bf3 39. a5 Qd8 40. Bg2 Qa8 41. Bxf3 exf3 42. Rxe8+ Qxe8 43. Qe5 Qd8 44. Kf2 Qd2+ 45. Kxf3 Qd1+ 46. Qe2 Qd5+ 47. Kf2 Qd4+ 48. Ke1 Qg1+ 49. Kd2 Qd4+ 50. Qd3 Qf2+ 51. Kc3 Qe1+ 52. Qd2 Qa1+ 53. Kc4 Qa4+ 54. Kc5 Qa3+ 55. Qb4 Qe3+ 56. Kc4 Qe4+ 57. Kb3 Qd3+ 58. Ka4 Qc2+ 59. Qb3 Qe4+ 60. Ka3 Qe7+ 61. Kb2 Qe2+ 62. Kc1 Qe1+ 63. Kb2 Qe2+ 64. Kc3 Qe3+ 65. Kc4 Qe4+ 66. Kc5 Qe7+ 67. Kd4 Qd6+ 68. Qd5 Qb4+ 69. Qc4 Qd6+ 70. Ke4 Qe7+ 71. Kf3 Qa3+ 72. Kg4 Qxa5 73. Qd5 g6 74. Qd8+ Kg7 75. Qd4+ Kg8 76. Qe5 h5+ 77. Kg5 Qb6 78. Kf6 Qb8 79. Qe7 1-0

[Event "Roncana op-A 5th"]
[Site "Santa Eulalia de Roncana"]
[Date "2011.10.08"]
[Round "2"]
[White "Guix Torres, David"]
[Black "Vicente Bessen, Kirian"]
[Result "0-1"]
[WhiteElo "1997"]
[BlackElo "1690"]
[PlyCount "70"]
[EventDate "2011.10.01"]
[EventType "swiss"]
[EventRounds "8"]
[EventCountry "ESP"]
[SourceTitle "EXT 2013"]
[Source "ChessBase"]
[SourceDate "2012.11.22"]
[SourceVersion "1"]
[SourceVersionDate "2012.11.22"]
[SourceQuality "1"]

1. e4 e6 2. Nc3 d5 3. Nf3 dxe4 4. Nxe4 Nf6 5. Nxf6+ Qxf6 6. d4 Nc6 7. Bd3 h6 8. 0-0 Bd7 9. c3 Bd6 10. Bc2 Ne7 11. Qe2 Bc6 12. Ne5 Bxe5 13. dxe5 Qh4 14. Rd1 Nd5 15. Rd4 Qe7 16. a3 0-0-0 17. c4 Nb6 18. Rxd8+ Rxd8 19. b4 Ba4 20. c5 Bxc2 21. cxb6 Qd7 22. bxa7 Qd1+ 23. Qf1 Qxf1+ 24. Kxf1 Kd7 25. Be3 Ra8 26. Rc1 Bd3+ 27. Ke1 Be4 28. f3 Bc6 29. Rd1+ Ke8 30. Rc1 Kd7 31. Rd1+ Ke8 32. Rd4 Rxa7 33. Rg4 Rxa3 34. Rxg7 Rxe3+ 35. Kd2 Rxe5 0-1

[Event "Roncana op-A 5th"]
[Site "Santa Eulalia de Roncana"]
[Date "2011.10.01"]
[Round "1"]
[White "Vicente Bessen, Kirian"]
[Black "Fradera Manils, Josep"]
[Result "1-0"]
[WhiteElo "1690"]
[BlackElo "1925"]
[PlyCount "87"]
[EventDate "2011.10.01"]
[EventType "swiss"]
[EventRounds "8"]
[EventCountry "ESP"]
[SourceTitle "EXT 2013"]
[Source "ChessBase"]
[SourceDate "2012.11.22"]
[SourceVersion "1"]
[SourceVersionDate "2012.11.22"]
[SourceQuality "1"]

1. d4 c5 2. Nf3 cxd4 3. Nxd4 e5 4. Nb3 Nf6 5. Nc3 d5 6. Bg5 Be6 7. Bxf6 gxf6 8. e3 Nc6 9. a3 a6 10. Qf3 e4 11. Qh5 Ne5 12. h3 Qe7 13. 0-0-0 Rd8 14. f4 exf3 15. gxf3 f5 16. Nd4 Ng6 17. Bd3 Qh4 18. Qxh4 Nxh4 19. Rhg1 Rc8 20. f4 Bxa3 21. Nxd5 Bxb2+ 22. Kxb2 Bxd5 23. Nxf5 Nxf5 24. Bxf5 Be6 25. Bxe6 fxe6 26. Rg7 b5 27. Rdd7 Rc6 28. Ra7 Kf8 29. Rgb7 Rc8 30. Rxa6 Rg8 31. Rxh7 Rg7 32. Rh8+ Rg8 33. Rxg8+ Kxg8 34. Rxe6 Kf7 35. Re5 Rh8 36. Rxb5 Rxh3 37. Rb3 Kf6 38. e4 Rh4 39. Rf3 Rg4 40. Kc3 Ke6 41. Kd4 Rg2 42. c4 Rd2+ 43. Rd3 Rxd3+ 44. Kxd3 1-0

[Event "Catalunya-ch U20"]
[Site "Vila Seca"]
[Date "2011.04.23"]
[Round "6"]
[White "Vicente Bessen, Kirian"]
[Black "Munoz Munoz, Ricardo"]
[Result "1/2-1/2"]
[WhiteElo "1690"]
[BlackElo "1768"]
[PlyCount "65"]
[EventDate "2011.04.20"]
[EventType "swiss"]
[EventRounds "8"]
[EventCountry "ESP"]
[SourceTitle "EXT 2012"]
[Source "ChessBase"]
[SourceDate "2011.11.24"]
[SourceVersion "1"]
[SourceVersionDate "2011.11.24"]
[SourceQuality "1"]

1. d4 Nf6 2. c4 g6 3. Nc3 d5 4. e3 c6 5. Nf3 Bg7 6. cxd5 cxd5 7. Bb5+ Bd7 8. Bd3 Nc6 9. Qb3 e6 10. 0-0 0-0 11. Bd2 Qe7 12. Rac1 Rab8 13. Na4 Rfc8 14. Bb5 Ne4 15. Nc5 Nxd2 16. Nxd2 Be8 17. Nd3 a6 18. Bxc6 Bxc6 19. Nf3 Bb5 20. a4 Bc4 21. Qd1 Rc6 22. Nde5 Bxe5 23. Nxe5 Bxf1 24. Nxc6 bxc6 25. Qxf1 Qb7 26. h3 Qxb2 27. Rxc6 a5 28. Rc5 Qa2 29. Rb5 Rxb5 30. Qxb5 Qd2 31. Qb8+ Kg7 32. Qe5+ Kf8 33. Qd6+ 1/2-1/2

[Event "Santa Eulalia de Roncana 3rd"]
[Site "Santa Eulalia de Roncana"]
[Date "2009.11.21"]
[Round "8.16"]
[White "Nateras Jimenez, Alfonso"]
[Black "Vicente Bessen, Kirian"]
[Result "0-1"]
[WhiteElo "1749"]
[BlackElo "1589"]
[PlyCount "82"]
[EventDate "2009.10.03"]
[EventType "swiss"]
[EventRounds "9"]
[EventCountry "ESP"]
[SourceTitle "EXT 2024"]
[Source "ChessBase"]
[SourceDate "2023.10.10"]
[SourceVersion "1"]
[SourceVersionDate "2023.10.10"]
[SourceQuality "1"]

1. e4 e6 2. d4 d5 3. exd5 exd5 4. Nf3 Bg4 5. Be2 Nc6 6. c3 Qe7 7. Be3 g6 8. Nbd2 Bg7 9. Qb3 0-0-0 10. Bg5 Nf6 11. Qd1 h6 12. Bxf6 Qxf6 13. 0-0 Rhe8 14. h3 Bxf3 15. Nxf3 g5 16. Bb5 a6 17. Bxc6 Qxc6 18. Qc2 Re4 19. Rfe1 Rde8 20. Rxe4 Rxe4 21. Nh2 Bxd4 22. Ng4 h5 23. Nh6 Qxh6 24. cxd4 Qe6 25. Qd2 g4 26. hxg4 hxg4 27. g3 Re2 28. Qc3 f5 29. Kf1 Re4 30. Re1 Rxe1+ 31. Qxe1 Qxe1+ 32. Kxe1 Kd7 33. Ke2 b6 34. f3 gxf3+ 35. Kxf3 c5 36. Ke3 cxd4+ 37. Kxd4 Kd6 38. b4 b5 39. a3 Ke6 40. Ke3 Ke5 41. Kf3 d4 0-1

[Event "Mollet del Valles A"]
[Site "Mollet del Valles"]
[Date "2009.11.20"]
[Round "8.9"]
[White "Vicente Bessen, Kirian"]
[Black "Amores Gago, Javier"]
[Result "1-0"]
[WhiteElo "1589"]
[BlackElo "1752"]
[PlyCount "57"]
[EventDate "2009.10.02"]
[EventType "swiss"]
[EventRounds "9"]
[EventCountry "ESP"]
[SourceTitle "EXT 2024"]
[Source "ChessBase"]
[SourceDate "2023.10.10"]
[SourceVersion "1"]
[SourceVersionDate "2023.10.10"]
[SourceQuality "1"]

1. d4 d5 2. c4 c6 3. Nc3 Nf6 4. Nf3 a6 5. a4 e6 6. e3 Nbd7 7. c5 b6 8. b4 a5 9. b5 cxb5 10. c6 Nb8 11. axb5 Bb4 12. Bd2 Qc7 13. Ne5 Ke7 14. Qc2 g5 15. Be2 h5 16. h3 Rg8 17. Bxh5 Nxh5 18. Qh7 Kf8 19. Qxh5 Bd6 20. Ng4 Qd8 21. Qh6+ Ke7 22. e4 Bf4 23. Bxf4 gxf4 24. Qf6+ Ke8 25. e5 Rg6 26. Qh8+ Ke7 27. Qh4+ Ke8 28. Nf6+ Kf8 29. c7 1-0

[Event "Santa Eulalia de Roncana 3rd"]
[Site "Santa Eulalia de Roncana"]
[Date "2009.10.24"]
[Round "4.10"]
[White "Bals Hernandez, Jordi"]
[Black "Vicente Bessen, Kirian"]
[Result "1-0"]
[WhiteElo "1951"]
[BlackElo "1589"]
[PlyCount "79"]
[EventDate "2009.10.03"]
[EventType "swiss"]
[EventRounds "9"]
[EventCountry "ESP"]
[SourceTitle "EXT 2024"]
[Source "ChessBase"]
[SourceDate "2023.10.10"]
[SourceVersion "1"]
[SourceVersionDate "2023.10.10"]
[SourceQuality "1"]

1. d4 d5 2. c4 e5 3. dxe5 d4 4. Nf3 Nc6 5. a3 Nge7 6. b4 Ng6 7. Bb2 Ngxe5 8. Nxe5 Nxe5 9. Bxd4 Nxc4 10. e3 Be6 11. Be2 Qg5 12. 0-0 Bd6 13. Qc2 Nb6 14. Nd2 0-0 15. Ne4 Bf5 16. Bd3 Qh6 17. Nxd6 Bxd3 18. Qxd3 Qxd6 19. Qc3 Nd5 20. Qb3 c6 21. Bc5 Qh6 22. Bxf8 Kxf8 23. b5 Nf6 24. bxc6 bxc6 25. Qb7 Re8 26. Qxc6 Qh5 27. Rac1 Qh4 28. Rc4 Qh6 29. h3 Qg6 30. Qc5+ Kg8 31. Qxa7 Ne4 32. Qa4 Nd6 33. Rd1 h6 34. Rxd6 Qxd6 35. Qxe8+ Kh7 36. Qxf7 Qd1+ 37. Kh2 Qd6+ 38. g3 Qxa3 39. Rc7 Qb2 40. Qf5+ 1-0